[Event "RUS-chT U26"]
[Site "Belgorod"]
[Date "2008.10.12"]
[Round "8"]
[White "Barinova, Valerija"]
[Black "Volokushin, Dmitry"]
[Result "0-1"]
[WhiteElo "1974"]
[BlackElo "2115"]
[PlyCount "72"]
[EventDate "2008.10.05"]
[EventType "team"]
[EventRounds "9"]
[EventCountry "RUS"]
[SourceTitle "EXT 2010"]
[Source "ChessBase"]
[SourceDate "2010.11.25"]
[SourceVersion "1"]
[SourceVersionDate "2010.11.25"]
[SourceQuality "1"]

1. e4 c5 2. Nf3 e6 3. d4 cxd4 4. Nxd4 a6 5. Be2 Nf6 6. Nc3 Bb4 7. Qd3 Qc7 8. Bd2 Nc6 9. 0-0 0-0 10. Kh1 Ne5 11. Qe3 d6 12. f4 Nc4 13. Bxc4 Qxc4 14. e5 Ng4 15. Qe4 d5 16. Qd3 Bc5 17. Nce2 f6 18. Qg3 Bxd4 19. Nxd4 fxe5 20. Nf3 Nh6 21. fxe5 Nf5 22. Qh3 Bd7 23. c3 b5 24. Bg5 b4 25. g4 Nh6 26. Bxh6 gxh6 27. Qxh6 d4 28. cxd4 Bc6 29. Qe3 Rf7 30. Rac1 Qd5 31. Kg2 Raf8 32. Rxc6 Qxc6 33. Kg3 Qc4 34. Rf2 Qxa2 35. Qh6 Qb3 36. Qg5+ Kh8 0-1

[Event "RUS-chT U26"]
[Site "Belgorod"]
[Date "2008.10.11"]
[Round "7"]
[White "Barinova, Valerija"]
[Black "Poniaev, Ruslan"]
[Result "0-1"]
[WhiteElo "1974"]
[BlackElo "2269"]
[PlyCount "66"]
[EventDate "2008.10.05"]
[EventType "team"]
[EventRounds "9"]
[EventCountry "RUS"]
[SourceTitle "EXT 2010"]
[Source "ChessBase"]
[SourceDate "2010.11.25"]
[SourceVersion "1"]
[SourceVersionDate "2010.11.25"]
[SourceQuality "1"]

1. e4 c5 2. Nf3 d6 3. d4 cxd4 4. Nxd4 Nf6 5. Nc3 a6 6. Bg5 e6 7. f4 Nbd7 8. Qf3 Qc7 9. 0-0-0 b5 10. a3 Rb8 11. f5 e5 12. Nb3 b4 13. axb4 Rxb4 14. Bd2 Bb7 15. Bd3 Be7 16. g4 d5 17. Nxd5 Nxd5 18. Bxb4 Nxb4 19. h4 a5 20. g5 Ba6 21. c4 a4 22. Nd2 a3 23. bxa3 Nc6 24. Bc2 Nd4 25. Qd3 Nb6 26. Rh3 0-0 27. f6 Bd6 28. fxg7 Rc8 29. h5 Nxc4 30. g6 Nxa3 31. gxf7+ Qxf7 32. Rf1 Qxf1+ 33. Nxf1 Bxd3 0-1

[Event "RUS-chT U26"]
[Site "Belgorod"]
[Date "2008.10.06"]
[Round "2"]
[White "Karpova, Lyudmila"]
[Black "Barinova, Valerija"]
[Result "0-1"]
[WhiteElo "2123"]
[BlackElo "1974"]
[PlyCount "54"]
[EventDate "2008.10.05"]
[EventType "team"]
[EventRounds "9"]
[EventCountry "RUS"]
[SourceTitle "EXT 2010"]
[Source "ChessBase"]
[SourceDate "2010.11.25"]
[SourceVersion "1"]
[SourceVersionDate "2010.11.25"]
[SourceQuality "1"]

1. e4 c6 2. d4 d5 3. exd5 cxd5 4. Bd3 Nc6 5. c3 Qc7 6. h3 Nf6 7. Nf3 g6 8. Nbd2 Bf5 9. Bxf5 gxf5 10. 0-0 e6 11. Re1 Rg8 12. b4 Ne4 13. Nxe4 fxe4 14. Ne5 Nxe5 15. dxe5 Qxe5 16. Qa4+ Kd8 17. Be3 Bd6 18. f4 Qg7 19. Re2 Qxc3 20. Rb1 d4 21. Bf2 Qf3 22. Bh4+ Be7 23. Qa5+ b6 24. Qe5 Bxh4 25. Qd6+ Ke8 26. Qc6+ Ke7 27. Qc7+ Kf8 0-1

[Event "RUS-chT U26"]
[Site "Belgorod"]
[Date "2008.10.05"]
[Round "1"]
[White "Barinova, Valerija"]
[Black "Severiukhina, Zoja"]
[Result "0-1"]
[WhiteElo "1974"]
[BlackElo "2318"]
[PlyCount "52"]
[EventDate "2008.10.05"]
[EventType "team"]
[EventRounds "9"]
[EventCountry "RUS"]
[SourceTitle "EXT 2010"]
[Source "ChessBase"]
[SourceDate "2010.11.25"]
[SourceVersion "1"]
[SourceVersionDate "2010.11.25"]
[SourceQuality "1"]

1. e4 e6 2. d4 d5 3. Nc3 Nf6 4. Bg5 Be7 5. e5 Nfd7 6. h4 c5 7. Bxe7 Kxe7 8. Qg4 Nc6 9. dxc5 Ndxe5 10. Qxg7 Rg8 11. Qxh7 Bd7 12. 0-0-0 Qa5 13. Qh5 d4 14. Ne4 Qxa2 15. f4 Ng4 16. Ng5 e5 17. N1f3 Rh8 18. Nh7 Rag8 19. fxe5 Ne3 20. Re1 Qa1+ 21. Kd2 Qxb2 22. Bd3 Rxg2+ 23. Re2 Qc3+ 24. Kc1 Nb4 25. Ne1 Qa1+ 26. Kd2 Qd1# 0-1

[Event "Saratov SGSEU-ch op"]
[Site "Saratov"]
[Date "2008.09.12"]
[Round "3"]
[White "Barinova, Valerija"]
[Black "Nedochetova, Sofia"]
[Result "1-0"]
[WhiteElo "1974"]
[BlackElo "2095"]
[PlyCount "65"]
[EventDate "2008.09.10"]
[EventType "swiss"]
[EventRounds "9"]
[EventCountry "RUS"]
[SourceTitle "EXT 2022"]
[Source "ChessBase"]
[SourceDate "2021.10.06"]
[SourceVersion "1"]
[SourceVersionDate "2021.10.06"]
[SourceQuality "1"]

1. e4 e5 2. d4 exd4 3. Qxd4 Nc6 4. Qe3 g6 5. Nc3 Bg7 6. Bd2 d6 7. f4 Nge7 8. 0-0-0 0-0 9. Qg3 Nd4 10. Nf3 Nxf3 11. Qxf3 c6 12. g4 d5 13. e5 f6 14. exf6 Rxf6 15. h4 b5 16. Be3 Qc7 17. Bxb5 Bb7 18. Bd3 c5 19. Bd2 c4 20. Bf1 d4 21. Ne4 Re6 22. Ba5 Qxa5 23. Bxc4 Bd5 24. Bxd5 Qxd5 25. Rhe1 Rb8 26. Kb1 d3 27. c3 Bxc3 28. Rxd3 Rxb2+ 29. Kc1 Qxa2 30. Rd8+ Kg7 31. Qxc3+ Kh6 32. g5+ Kh5 33. Qf3+ 1-0

[Event "Saratov SGSEU-ch op"]
[Site "Saratov"]
[Date "2008.09.10"]
[Round "1"]
[White "Barinova, Valerija"]
[Black "Pokusaev, Vyacheslav"]
[Result "0-1"]
[WhiteElo "1974"]
[BlackElo "2205"]
[PlyCount "40"]
[EventDate "2008.09.10"]
[EventType "swiss"]
[EventRounds "9"]
[EventCountry "RUS"]
[SourceTitle "EXT 2022"]
[Source "ChessBase"]
[SourceDate "2021.10.06"]
[SourceVersion "1"]
[SourceVersionDate "2021.10.06"]
[SourceQuality "1"]

1. e4 c5 2. Nf3 Nc6 3. d4 cxd4 4. Nxd4 Nf6 5. Nc3 g6 6. Be3 Bg7 7. f3 0-0 8. Qd2 d5 9. Nxc6 bxc6 10. Rd1 Qa5 11. Bd3 dxe4 12. Nxe4 Qxa2 13. 0-0 Qxb2 14. Rb1 Qe5 15. Nxf6+ Bxf6 16. Be4 Ba6 17. Rfd1 Bb5 18. c4 Bxc4 19. Bxc6 Rad8 20. Qxd8 Qxe3+ 0-1

[Event "RUS-ch (Women) 1st League 58th"]
[Site "Smolensk"]
[Date "2008.03.01"]
[Round "4"]
[White "Shimanova, Olga"]
[Black "Barinova, Valerija"]
[Result "1/2-1/2"]
[WhiteElo "1853"]
[BlackElo "1984"]
[PlyCount "115"]
[EventDate "2008.02.27"]
[EventType "swiss"]
[EventRounds "9"]
[EventCountry "RUS"]
[SourceTitle "CBM 123 Extra"]
[Source "ChessBase"]
[SourceDate "2008.05.06"]
[SourceVersion "1"]
[SourceVersionDate "2008.05.06"]
[SourceQuality "1"]

1. d4 Nf6 2. c4 c5 3. d5 b5 4. cxb5 a6 5. bxa6 g6 6. Nc3 Bxa6 7. e4 Bxf1 8. Kxf1 d6 9. Nf3 Bg7 10. h3 0-0 11. Kg1 Nbd7 12. Kh2 Qa5 13. Re1 Rfb8 14. Re2 Ne8 15. Rc2 Nc7 16. Bd2 Na6 17. Ne2 Qa4 18. Nc3 Bxc3 19. Bxc3 Qxe4 20. Re2 Qf4+ 21. Kh1 Re8 22. Qe1 Nf6 23. Rxe7 Rxe7 24. Qxe7 Nxd5 25. Qb7 Nac7 26. Rd1 Nxc3 27. bxc3 d5 28. Rd2 Ra5 29. Qc8+ Kg7 30. Qg4 Qf6 31. Rc2 Nb5 32. Qd7 Nxc3 33. Qc7 Rb5 34. a3 d4 35. Rc1 Ne4 36. Kg1 Rb2 37. Rf1 d3 38. a4 Rc2 39. a5 c4 40. Qb7 Nc5 41. Qb5 Qd6 42. Ne1 Re2 43. Qxc4 Re4 44. Qc3+ Qd4 45. Qxd4+ Rxd4 46. Nf3 Ra4 47. Rd1 Rxa5 48. Ne1 Ra3 49. f3 Kf6 50. Kf2 Ke5 51. Ke3 Rb3 52. g3 Rb2 53. Nxd3+ Nxd3 54. Rxd3 Rh2 55. h4 Rg2 56. f4+ Kf5 57. Kf3 Ra2 58. Rb3 1/2-1/2

[Event "Saratov-ch (Women)"]
[Site "Saratov"]
[Date "2007.11.22"]
[Round "9"]
[White "Tarasova, Viktoriya"]
[Black "Barinova, Valerija"]
[Result "1-0"]
[WhiteElo "2277"]
[BlackElo "2009"]
[PlyCount "61"]
[EventDate "2007.11.14"]
[EventType "swiss"]
[EventRounds "9"]
[EventCountry "RUS"]
[SourceTitle "EXT 2022"]
[Source "ChessBase"]
[SourceDate "2021.10.06"]
[SourceVersion "1"]
[SourceVersionDate "2021.10.06"]
[SourceQuality "1"]

1. d4 Nf6 2. c4 c5 3. d5 b5 4. cxb5 a6 5. bxa6 g6 6. Nc3 Bxa6 7. Nf3 Bg7 8. e4 Bxf1 9. Kxf1 d6 10. g3 0-0 11. Kg2 Nbd7 12. Re1 Ra6 13. Qc2 Qa8 14. b3 Nb6 15. Bb2 e6 16. dxe6 fxe6 17. Ng5 Re8 18. a4 d5 19. Nb5 Qb8 20. exd5 Nbxd5 21. Kg1 Qd8 22. Rad1 Qd7 23. Bxf6 Bxf6 24. Ne4 Bg7 25. Qxc5 Rc8 26. Qe3 Qxb5 27. axb5 Nxe3 28. bxa6 Nxd1 29. Rxd1 Be5 30. a7 Bc7 31. Rc1 1-0

[Event "Saratov-ch (Women)"]
[Site "Saratov"]
[Date "2007.11.15"]
[Round "2"]
[White "Barinova, Valerija"]
[Black "Iljushina, Olga"]
[Result "0-1"]
[WhiteElo "2009"]
[BlackElo "2221"]
[PlyCount "70"]
[EventDate "2007.11.14"]
[EventType "swiss"]
[EventRounds "9"]
[EventCountry "RUS"]
[SourceTitle "EXT 2022"]
[Source "ChessBase"]
[SourceDate "2021.10.06"]
[SourceVersion "1"]
[SourceVersionDate "2021.10.06"]
[SourceQuality "1"]

1. e4 c5 2. Nf3 Nc6 3. d4 cxd4 4. Nxd4 e5 5. Nb5 d6 6. N1c3 a6 7. Na3 b5 8. Nd5 Nge7 9. Be3 Nxd5 10. Qxd5 Bb7 11. Be2 Na5 12. Qd3 d5 13. 0-0 b4 14. Nb1 Be7 15. exd5 Qxd5 16. Qxd5 Bxd5 17. Rd1 Be6 18. Bf3 Rc8 19. c3 Nc4 20. Bc1 0-0 21. cxb4 Bxb4 22. b3 Nd6 23. Be3 Nf5 24. Bd2 a5 25. Bxb4 axb4 26. Nd2 Nd4 27. Bb7 Rc2 28. Ba6 Ra8 29. Bc4 Raxa2 30. Bxe6 Nxe6 31. Rxa2 Rxa2 32. Nc4 f6 33. h3 Nd4 34. Rd3 Rc2 35. g3 Rc3 0-1

[Event "RUS-ch U26"]
[Site "Novokuznetsk"]
[Date "2007.10.22"]
[Round "1"]
[White "Bedarev, Sergey"]
[Black "Barinova, Valerija"]
[Result "1-0"]
[WhiteElo "2292"]
[BlackElo "2009"]
[PlyCount "25"]
[EventDate "2007.10.22"]
[EventType "swiss"]
[EventRounds "9"]
[EventCountry "RUS"]
[SourceTitle "EXT 2009"]
[Source "ChessBase"]
[SourceDate "2008.11.26"]
[SourceVersion "1"]
[SourceVersionDate "2008.11.26"]
[SourceQuality "1"]

1. e4 c6 2. d4 d5 3. f3 g6 4. c3 Bg7 5. Bd3 e5 6. dxe5 Bxe5 7. Be3 Ne7 8. Qc2 Qd6 9. Nd2 Be6 10. Ne2 f5 11. f4 fxe4 12. fxe5 Qxe5 13. Bd4 1-0

[Event "St Petersburg White Nights op"]
[Site "St Petersburg"]
[Date "2007.07.02"]
[Round "8"]
[White "Barinova, Valerija"]
[Black "Rodkin, Felix"]
[Result "1-0"]
[WhiteElo "1985"]
[BlackElo "2168"]
[PlyCount "69"]
[EventDate "2007.06.25"]
[EventType "swiss"]
[EventRounds "9"]
[EventCountry "RUS"]
[SourceTitle "CBM 119 Extra"]
[Source "ChessBase"]
[SourceDate "2007.09.04"]
[SourceVersion "1"]
[SourceVersionDate "2007.09.04"]
[SourceQuality "1"]

1. e4 e6 2. d4 d5 3. Nc3 Nf6 4. Bg5 Bb4 5. e5 h6 6. Bd2 Bxc3 7. bxc3 Ne4 8. Qg4 g6 9. Bd3 Nxd2 10. Kxd2 Qe7 11. h4 Nc6 12. h5 g5 13. f4 gxf4 14. Qxf4 Bd7 15. Nf3 0-0-0 16. g4 Rdf8 17. Qe3 Na5 18. Ke2 Nc4 19. Qc1 Na3 20. g5 hxg5 21. Qxg5 f6 22. exf6 Rxf6 23. Rag1 Qf8 24. Ne5 Bb5 25. Rf1 Rf5 26. Rxf5 exf5 27. Rf1 Bxd3+ 28. Kxd3 Qe8 29. Qxf5+ Kb8 30. Nd7+ Ka8 31. Qf8 Nc4 32. h6 Nd6 33. Qxe8+ Rxe8 34. h7 a5 35. Rg1 1-0

[Event "St Petersburg White Nights op"]
[Site "St Petersburg"]
[Date "2007.06.30"]
[Round "6"]
[White "Barinova, Valerija"]
[Black "Zhuravlev, Mikhail"]
[Result "1-0"]
[WhiteElo "1985"]
[BlackElo "2006"]
[PlyCount "111"]
[EventDate "2007.06.25"]
[EventType "swiss"]
[EventRounds "9"]
[EventCountry "RUS"]
[SourceTitle "CBM 119 Extra"]
[Source "ChessBase"]
[SourceDate "2007.09.04"]
[SourceVersion "1"]
[SourceVersionDate "2007.09.04"]
[SourceQuality "1"]

1. e4 e5 2. d4 exd4 3. Qxd4 Nc6 4. Qe3 g6 5. Nc3 Bg7 6. Bd2 Nge7 7. 0-0-0 d6 8. Bc4 Na5 9. Bd3 Be6 10. Nge2 Nc4 11. Bxc4 Bxc4 12. f4 Qd7 13. h3 b6 14. g4 0-0-0 15. Qf3 Ba6 16. f5 gxf5 17. gxf5 Be5 18. Bg5 Bb7 19. Rhg1 f6 20. Bh6 Rhg8 21. Rg4 Nc6 22. Rdg1 Nd4 23. Nxd4 Rxg4 24. Rxg4 Bxd4 25. Rg7 Qc6 26. Nd5 Qb5 27. c3 Bxd5 28. exd5 Qc4 29. Rg4 Qxa2 30. Rxd4 a5 31. Qe4 b5 32. Qe7 Qa1+ 33. Kc2 Qf1 34. Qxf6 Re8 35. Bd2 Re5 36. Qh8+ Kb7 37. Qxh7 Rxf5 38. h4 Rf2 39. Qd3 Qg1 40. Qxb5+ Kc8 41. Re4 Rf8 42. Re8+ Rxe8 43. Qxe8+ Kb7 44. h5 Qg2 45. Qe6 a4 46. h6 a3 47. bxa3 Qh1 48. Qf5 Qa1 49. Bc1 Qa2+ 50. Bb2 Qc4 51. h7 Qe2+ 52. Kb1 Qd1+ 53. Ka2 Qh1 54. c4 Qh4 55. h8Q Qxc4+ 56. Kb1 1-0

[Event "RUS-ch (Women) 1st League"]
[Site "Kolontaevo"]
[Date "2005.01.??"]
[Round "2"]
[White "Barinova, Valerija"]
[Black "Bezgodova, Svetlana"]
[Result "0-1"]
[WhiteElo "1962"]
[BlackElo "2204"]
[PlyCount "90"]
[EventDate "2005.01.??"]
[EventType "swiss"]
[EventRounds "9"]
[EventCountry "RUS"]
[SourceTitle "EXT 2006"]
[Source "ChessBase"]
[SourceDate "2005.11.24"]
[SourceVersion "1"]
[SourceVersionDate "2005.11.24"]
[SourceQuality "1"]

1. e4 e5 2. Nf3 Nc6 3. Bc4 Bc5 4. c3 Nf6 5. d3 d6 6. Bb3 h6 7. Nbd2 Be6 8. Bc2 d5 9. 0-0 dxe4 10. dxe4 Qe7 11. Qe2 Nh5 12. Nc4 Nf4 13. Bxf4 exf4 14. b4 Bb6 15. Rad1 a5 16. b5 Nd8 17. Nxb6 cxb6 18. a4 Rc8 19. Qd2 Qc7 20. Nd4 0-0 21. Ne2 Bc4 22. Bd3 Ne6 23. Qc2 Rfe8 24. f3 Bxd3 25. Rxd3 Red8 26. Rfd1 Qc5+ 27. Kf1 Rxd3 28. Rxd3 Qc4 29. Ke1 Rc5 30. Rd7 Rg5 31. Kf2 Qc5+ 32. Kf1 Qc4 33. Kf2 g6 34. Qd1 Kg7 35. Qd6 Rxg2+ 36. Kxg2 Qxe2+ 37. Kg1 Ng5 38. Qe5+ Kh7 39. Rxf7+ Nxf7 40. Qxf4 Qc4 41. Kg2 Kg7 42. Qe3 Qc5 43. Qd3 Qd6 44. Qe3 Ne5 45. f4 Nc4 0-1

[Event "RUS-ch (Women) 1st League"]
[Site "Kolontaevo"]
[Date "2005.01.??"]
[Round "7"]
[White "Barinova, Valerija"]
[Black "Turcheniac, Mariya"]
[Result "1-0"]
[WhiteElo "1962"]
[BlackElo "2063"]
[PlyCount "89"]
[EventDate "2005.01.??"]
[EventType "swiss"]
[EventRounds "9"]
[EventCountry "RUS"]
[SourceTitle "EXT 2006"]
[Source "ChessBase"]
[SourceDate "2005.11.24"]
[SourceVersion "1"]
[SourceVersionDate "2005.11.24"]
[SourceQuality "1"]

1. e4 d5 2. exd5 Qxd5 3. Nc3 Qa5 4. Bc4 Nf6 5. d4 Nc6 6. Nge2 a6 7. 0-0 Bg4 8. f3 Bf5 9. Ng3 Bg6 10. Be3 Qb4 11. Bb3 0-0-0 12. a3 Qd6 13. Nge2 e6 14. Na4 h5 15. c4 h4 16. Bc2 Bxc2 17. Qxc2 Nh5 18. b4 Be7 19. b5 axb5 20. cxb5 Nb8 21. Rfc1 b6 22. d5 Kb7 23. dxe6 fxe6 24. Nd4 Rd7 25. Nc6 Bf6 26. Rd1 Bxa1 27. Rxd6 Rxd6 28. Nc5+ bxc5 29. Qa4 Kc8 30. Qa8 Kd7 31. Nxb8+ Rxb8 32. Qxb8 Bd4 33. Bxd4 cxd4 34. Kf1 d3 35. Ke1 d2+ 36. Kd1 Nf6 37. Qf8 Ne8 38. a4 Rd4 39. a5 e5 40. b6 cxb6 41. axb6 Nd6 42. Qxg7+ Ke6 43. b7 Nc4 44. Qg8+ Kf6 45. Qxc4 1-0

[Event "RUS-ch (Women) 1st League"]
[Site "Kolontaevo"]
[Date "2005.01.??"]
[Round "8"]
[White "Zakharova, Alexandra"]
[Black "Barinova, Valerija"]
[Result "1-0"]
[WhiteElo "2148"]
[BlackElo "1962"]
[PlyCount "75"]
[EventDate "2005.01.??"]
[EventType "swiss"]
[EventRounds "9"]
[EventCountry "RUS"]
[SourceTitle "EXT 2006"]
[Source "ChessBase"]
[SourceDate "2005.11.24"]
[SourceVersion "1"]
[SourceVersionDate "2005.11.24"]
[SourceQuality "1"]

1. Nf3 Nf6 2. d4 c5 3. d5 b5 4. Bg5 d6 5. Bxf6 exf6 6. e4 a6 7. a4 bxa4 8. Nc3 Nd7 9. Be2 g6 10. 0-0 Bg7 11. Rxa4 Nb6 12. Ra3 0-0 13. Qa1 f5 14. Nd2 fxe4 15. Ndxe4 f5 16. Nd2 f4 17. Bxa6 Bf5 18. Bd3 Rxa3 19. Qxa3 Bxd3 20. cxd3 Qg5 21. Nf3 Qf5 22. Qa6 Nxd5 23. Qc4 Bxc3 24. bxc3 Kg7 25. h4 h6 26. Re1 g5 27. hxg5 hxg5 28. d4 g4 29. Nh4 Qg5 30. dxc5 Qxh4 31. Qxd5 g3 32. Qd4+ Kg8 33. fxg3 Qxg3 34. Qd5+ Rf7 35. Re7 Qg6 36. Qxf7+ Qxf7 37. Rxf7 Kxf7 38. cxd6 1-0

[Event "Privolzhskogo FO-ch U18"]
[Site "Oktjabrsky"]
[Date "2004.11.??"]
[Round "4"]
[White "Barinova, Valerija"]
[Black "Gorbunova, Anna"]
[Result "1-0"]
[WhiteElo "1890"]
[BlackElo "1927"]
[PlyCount "35"]
[EventDate "2004.11.??"]
[EventType "swiss"]
[EventRounds "9"]
[EventCountry "RUS"]
[SourceTitle "EXT 2006"]
[Source "ChessBase"]
[SourceDate "2005.11.24"]
[SourceVersion "1"]
[SourceVersionDate "2005.11.24"]
[SourceQuality "1"]

1. e4 e5 2. Nf3 Nc6 3. Bc4 Nf6 4. d3 d5 5. exd5 Nxd5 6. 0-0 Be6 7. Re1 Qf6 8. d4 Ne3 9. Bxe3 Bxc4 10. Bg5 Qd6 11. Nxe5 Nxe5 12. Rxe5+ Kd7 13. Re3 h6 14. Bh4 f5 15. Bg3 Qf6 16. Be5 Qf7 17. b3 Be6 18. d5 1-0

[Event "Privolzhskogo FO-ch U18"]
[Site "Oktjabrsky"]
[Date "2004.11.??"]
[Round "9"]
[White "Kapustina, Olga"]
[Black "Barinova, Valerija"]
[Result "1/2-1/2"]
[WhiteElo "2089"]
[BlackElo "1890"]
[PlyCount "42"]
[EventDate "2004.11.??"]
[EventType "swiss"]
[EventRounds "9"]
[EventCountry "RUS"]
[SourceTitle "EXT 2006"]
[Source "ChessBase"]
[SourceDate "2005.11.24"]
[SourceVersion "1"]
[SourceVersionDate "2005.11.24"]
[SourceQuality "1"]

1. d4 Nf6 2. Nf3 c5 3. e3 g6 4. c4 Bg7 5. Nc3 0-0 6. Be2 cxd4 7. exd4 d5 8. c5 Nc6 9. 0-0 Bf5 10. a3 Ne4 11. Be3 b6 12. cxb6 Nxc3 13. bxc3 Qxb6 14. Bd3 Bxd3 15. Qxd3 Na5 16. Rab1 Qd6 17. Nd2 Rfc8 18. Rb4 Nc6 19. Rb3 Na5 20. Rb4 Nc6 21. Rb3 Na5 1/2-1/2